[Event "Roncana op-C 11th"]
[Site "Santa Eulalia de Roncana"]
[Date "2017.11.11"]
[Round "7.5"]
[White "Sol Castane, Joan"]
[Black "Olive Torras, Ferran"]
[Result "1-0"]
[WhiteElo "1716"]
[BlackElo "1433"]
[PlyCount "99"]
[EventDate "2017.09.23"]
[EventType "swiss"]
[EventRounds "8"]
[EventCountry "ESP"]
[SourceTitle "EXT 2024"]
[Source "ChessBase"]
[SourceDate "2023.10.10"]
[SourceVersion "1"]
[SourceVersionDate "2023.10.10"]
[SourceQuality "1"]

1. e4 e5 2. Nf3 Nc6 3. Bc4 Bc5 4. c3 Nf6 5. d3 0-0 6. 0-0 d5 7. exd5 Nxd5 8. Qb3 Be6 9. Qxb7 Na5 10. Qb5 Nxc4 11. dxc4 Bb6 12. cxd5 Bxd5 13. Nxe5 Re8 14. Nf3 Be4 15. Qb3 Qe7 16. Bf4 Bd3 17. Rc1 Qe2 18. Bg3 Be3 19. Re1 Bxf2+ 20. Bxf2 Qc2 21. Rxe8+ Rxe8 22. Qxc2 Bxc2 23. Na3 Be4 24. Re1 Kf8 25. Nd2 Bc6 26. Rxe8+ Kxe8 27. Bxa7 Bd5 28. b3 c6 29. Nf3 g6 30. Ng5 h6 31. Nh7 Ke7 32. c4 Be4 33. Bc5+ Kd7 34. Nf6+ Kc7 35. Nxe4 Kb7 36. Nc2 f5 37. Nd6+ Kc7 38. a4 Kb8 39. b4 Ka8 40. b5 Kb8 41. bxc6 Kc7 42. Nd4 Kd8 43. Bb6+ Ke7 44. c7 Kd7 45. c8Q+ Kxd6 46. Qc5+ Kd7 47. Qc7+ Ke8 48. a5 Kf8 49. a6 Ke8 50. a7 1-0